La unión del sacerdote con cristo, sacerdote y víctima
Na minha lista:
| Autor principal: | |
|---|---|
| Formato: | Livro |
| Idioma: | espanhol |
| Publicado em: |
Madrid
Rialp
1955
|
| coleção: | Patmos. Libros de Espiritualidad, 51
|
| Assuntos: | |
| Tags: |
Adicionar Tag
Sem tags, seja o primeiro a adicionar uma tag!
|
MARC
| LEADER | 00000nam a2200000 a 4500 | ||
|---|---|---|---|
| 001 | UCR1191 | ||
| 003 | CL-VaPUC | ||
| 008 | 971212e19550000SP |||||||||||||||||spa|d | ||
| 082 | 0 | 4 | |a 248.892 |b GAR |2 21 |
| 100 | |a Garrigou-Lagrange, Reginald |e author |9 483147 | ||
| 245 | 1 | 3 | |a La unión del sacerdote con cristo, sacerdote y víctima |
| 300 | |a 323 p | ||
| 942 | |c BK | ||
| 945 | |d 19971212 00:00:00 |a jquezada | ||
| 260 | |a Madrid |b Rialp |c 1955 | ||
| 650 | 0 | |a Iglesia Católica |9 256114 | |
| 650 | 0 | |a Sacerdotes |9 315705 | |
| 650 | 0 | |a Vida religiosa |9 257284 | |
| 650 | 0 | |a Espiritualidad |9 267331 | |
| 650 | 0 | |a Fe |9 308036 | |
| 650 | 0 | |a Vocación religiosa |9 392452 | |
| 650 | 7 | |a SANTIFICACION |2 CL-VaPUC |9 398111 | |
| 650 | 0 | |a Sacerdocio |9 319738 | |
| 583 | |a last modification |c 19971212 00:00:00 |k Rodrigo Vera | ||
| 490 | 0 | |a Patmos. Libros de Espiritualidad, 51 | |
| 999 | |c 264670 |d 264668 | ||
| 952 | |0 0 |1 0 |4 0 |6 248_892000000000000_GAR_1955 |7 0 |8 A |9 295047 |a BIBTEO |b BIBTEO |d 2019-11-19 |i 3368637 |o 248.892 GAR 1955 |p 3368637 |r 2025-01-17 |w 2019-11-19 |y BK |k ICR | ||